000 01156nam a22002657a 4500
005 20170124103000.0
010 _aB-055700
020 _c200.00
_a8170631262
035 _aB-055700
037 _bCen Lib/Ret
040 _aDPL
_bHN
082 _a821.08
_bशास्त्रीश
100 _aशास्त्री, ओमप्रकाश शर्मा
_954353
245 _aकाव्य-सिद्धान्त /
_cओमप्रकाश शर्मा शास्त्री
246 _aKavye-sidhdhant /
_bby Omprakash Sharma Shastri
260 _bआर्य बुक डिपो
_c2001
_aनई दिल्ली
270 _a30, नाईवाला, करोल बाग
_bनई दिल्ली
_e110005
300 _a385पृ.
_c21सेमी (सजिल्द)
500 _aसंदर्भ शामिल
650 _aहिन्दी -- साहित्य
_954354
650 _aहिन्दी -- काव्य
_9779
650 _aHindi -- Literature
_954355
650 _aHindi - Poem
_954356
942 _2ddc
_cHN
_h821.08
_mशास्त्रीश
999 _c113902
_d113902